000 00756nam a22002057a 4500
999 _c12233
_d12233
003 AR-CdUCM
008 190408b ||||| |||| 00| 0 spa d
040 _aMUNICIPALIDAD PROVINCIAL DEL CUSCO
_cBIBLIOTECA MUNICIPAL DEL CUSCO
082 _a376.51 /
_bU5 / 1938
110 _aUniversidad Nacional Mayor de San Marcos (Lima)
_99962
245 _aConstituciones de la Universidad Mayor de San Marcos de Lima :
_bépoca del coloniaje /
260 _aLima :
_bLa Universidad,
_c1938.
300 _a170 páginas ;
_c24 cm.
505 _aContenido: Constitución de la universidad mayor de San Marcos.
650 _aSan Marcos
_93584
650 _aUniversidad mayor
_929987
650 _aLima Perú
_923155
942 _2ddc
_cLIBROS
945 _adavv
_d08/04/2019